इसे छोड़कर सामग्री पर बढ़ने के लिए
Inicio
Centros participantes
Catálogo
Servicios
Contacto
लॉग इन करें
English
Deutsch
Español
Français
Italiano
日本語
Nederlands
Português
Português (Brasil)
中文(简体)
中文(繁體)
Türkçe
עברית
Gaeilge
Cymraeg
Ελληνικά
Català
Euskara
Русский
Čeština
Suomi
Svenska
polski
Dansk
slovenščina
اللغة العربية
বাংলা
Galego
Tiếng Việt
Hrvatski
हिंदी
Հայերէն
Українська
Sámegiella
भाषा
सभी फ़ील्ड्स
शीर्षक
लेखक
विषय
बोधानक
आईएसबीएन / आईएसएसएन
टैग
खोज
उन्नत
Minería y comercio internacion...
इसे उद्धृत करें
इसे ईमेल करें
प्रिंट
निर्यात रिकॉर्ड
को निर्यात RefWorks
को निर्यात EndNoteWeb
को निर्यात EndNote
सूची में सहेजें
स्थायी लिंक
निर्यात तैयार है —
पहली रेटिंग जोड़ें
Minería y comercio internacional en América Latina /
में बचाया:
ग्रंथसूची विवरण
मुख्य लेखक:
Sánchez Albavera, Fernando
निगमित लेखकों:
FLACSO
,
CEPAL
स्वरूप:
मूलपाठ
प्रकाशित:
s.l:
CEPAL
टैग:
टैग जोड़ें
कोई टैग नहीं, इस रिकॉर्ड को टैग करने वाले पहले व्यक्ति बनें!
होल्डिंग्स
विवरण
टिप्पणियाँ
समान संसाधन
स्टाफ के लिए
MARC
LEADER
00000 a a2200000 04500
001
24530
003
040
090
|a
176200
100
|a
Sánchez Albavera, Fernando
110
|a
FLACSO
245
|a
Minería y comercio internacional en América Latina /
|c
FLACSO
260
|a
s.l:
|b
CEPAL
300
|a
340 p
|b
**no definido**
710
|a
CEPAL
999
|c
6288
|d
6288
समान संसाधन
El Informe de la comisión Kissinger: su tesis central y sus recomendaciones de política para la contención militar y administración de la crisis en centroamérica
Democracia representativa y parlamentarismo /
द्वारा: Ellwein, Thomas
Política burocrática: un paradigma y algunas implicaciones de política /
द्वारा: Graham T. Allison
Political Science Quarterly
Guatemala, dos años de gobierno democristiano